000
00230nam a2200097Ia 4500
008
120527s9999 xx 000 0 und d
100
_a
Armit,A.P
245
_a
Advanced level vectors.2nd edition.
260
_b
Heineman
942
_c
BK
999
_c
22280
_d
22280